| 000 | 00531nam a2200181 4500 | ||
|---|---|---|---|
| 001 | 145093 | ||
| 003 | ES-MaACL | ||
| 005 | 20250830103943.0 | ||
| 007 | t| | ||
| 008 | 070214s1965 sp r ||||1| spa d | ||
| 100 | 1 |
_aSommer, Theo. _9107272 |
|
| 245 | 1 | 0 |
_aPor un porvenir atlántico / _cpor Theo Sommer. |
| 260 |
_aMadrid : _bEmbajada de los Estados Unidos, _c1965. |
||
| 300 |
_a10 h. ; _c21 cm. |
||
| 710 | 1 |
_aEstados Unidos. _bEmbassy (España) _94025 |
|
| 852 |
_aES-MaACL _j2050-F-17 _bR.56047 |
||
| 999 |
_c145093 _d145093 |
||